Textbook on Engineering Drawing (Record no. 1795)

MARC details
000 -LEADER
fixed length control field 00392nam a2200157Ia 4500
003 - CONTROL NUMBER IDENTIFIER
control field OSt
008 - FIXED-LENGTH DATA ELEMENTS--GENERAL INFORMATION
fixed length control field 191201s2004 xx 000 0 und d
082 ## - DEWEY DECIMAL CLASSIFICATION NUMBER
Classification number 604.2
Item number NAT
100 ## - MAIN ENTRY--PERSONAL NAME
Personal name NARAYANA, K L
245 #0 - TITLE STATEMENT
Title Textbook on Engineering Drawing
250 ## - EDITION STATEMENT
Edition statement 9th
260 ## - PUBLICATION, DISTRIBUTION, ETC. (IMPRINT)
Place of publication, distribution, etc New Delhi
Name of publisher, distributor, etc Scitech Publication Chennai and Hadrabad
Date of publication, distribution, etc 2004
300 ## - PHYSICAL DESCRIPTION
Extent 587
650 ## - SUBJECT ADDED ENTRY--TOPICAL TERM
Topical term or geographic name as entry element B.Tech(ME)
942 ## - ADDED ENTRY ELEMENTS (KOHA)
Source of classification or shelving scheme Dewey Decimal Classification
Koha item type Text Books
Holdings
Withdrawn status Lost status Source of classification or shelving scheme Damaged status Not for loan Collection code Home library Current library Date acquired Source of acquisition Cost, normal purchase price Bill Number Total Checkouts Full call number Acc. no. / Barcode Date last seen Bill Date Koha item type Date last borrowed
    Dewey Decimal Classification     B.Tech(ME) PIET C-LIBRARY PIET C-LIBRARY 20/08/2006 M/s UDH , Delhi 195.00 125382   604.2 NAT 3255 04/12/2019 23/08/2005 Text Books  
    Dewey Decimal Classification     B.Tech(ME) PIET C-LIBRARY PIET C-LIBRARY 20/08/2006 M/s UDH , Delhi 195.00 125382 2 604.2 NAT 3256 28/03/2022 23/08/2005 Text Books 22/03/2022

Design & Developed by: PIET Central Library
R70 Miles Stone Pattikalyana Samalkha Panipat 132102
mail ID :- [email protected], Phone No:- 0180-2569700 Ex.216